1915 1138 1185 1400 1630 1178 1345 1999 1654 1474 1411 1095 1899 1664 1153 1579 1897 1597 1158 1532 1056 1313 1060 1004 1748 1808 1001 1143 1441 1784 1281 1664 1080 1260 1257 1027 1501 1717 1652 1275 1198 1558 1987 1100 1508 1023 1248 1968 1949 1568 1019 1520 1936 1082 1958 1987 1441 1357 1246 1857 1342 1544 1568 1919 1741 1723 1081 1281 1480 1605 1721 1594 1135 1590 1408 1136 1326 1340 1193 1410 1746 1693 1376 1845 1338 1294 1040 1221 1839 1558 1257 1998 1375 1478 1598 1501 1021 1172 1168 BCNSPRNW ULIB Ver.6.0+V

เปลี่ยนเป็นภาษาไทย

Change to English
 แสดงรายละเอียดบรรณานุกรม
  กลับหน้าหลัก

Brief Record : Get Marc (ISO 2709) : E-mail record : QR code < ปิดหน้าต่าง
LEADER : 00000nam 2200000uu 4500
001    13399112607
003     ULIB
008    110828s2553||||th 000 0 tha d
020    9789740327417
060 04 WC200^bก514 2553
100 0  วัชรินทร์ รังษีภาณุรัตน์
245 00 การวินิจฉัยโรคติดเชื้อแบคทีเรียทางการแพทย์ /^cวัชรินทร์ รังษีภาณุรัตน์ และคณะ
250    พิมพ์ครั้งที่ 3 (ฉบับปรับปรุงแก้ไข)
260    กรุงเทพฯ :^bสำนักพิมพ์แห่งจุฬาลงกรณ์มหาวิทยาลัย,^c2553
300    344 หน้า :^bภาพประกอบ ;^c26 ซม.
500 ตำ ราเล่มนี้ได้รับการสนับสนุนทางด้านวิชาการจากสำนักงานคณะกรรมการการอุดมศึกษา (สกอ.) กระทรวงศึกษาธิการ
650  4 การวินิจฉัยโรคทางห้องปฏิบัติการ
650  4 โรคเกิดจากแบคทีเรีย^xการวินิจฉัย
650  4 โรคติดเชื้อ^xการวินิจฉัย
700 0  วัชรินทร์ รังษีภาณุรัตน์
945    ^p400^l0^i18590
945    ^p400^l0^i18591
995    เกษร
999 ^a ใช้งานได้ทุกระบบ
รายการนี้ยังไม่มีแท็ก
คุณยังไม่ได้ล็อกอิน คุณสามารถมีกิจกรรมร่วมกับเว็บไซต์ได้ แต่ต้องล็อกอินก่อน ::
  ล็อกอิน

รายการสื่อสารสนเทศ

ลำดับที่ ประเภท เลขเรียก/บาร์โค้ด สถานที่ สถานะ
1. วิทยาศาสตร์การแพทย์ และสุขภาพ
วิทยาศาสตร์การแพทย์ และสุขภาพ
สถานะ=หนังสือเก่า
WC200 ก514 2553  
  Barcode: 18590
ห้องสมุดวิทยาเขตนครสวรรค์
►ส่วนจัดเก็บหนังสือเก่า นว.
บนชั้น
  ขอยืม
2. วิทยาศาสตร์การแพทย์ และสุขภาพ
วิทยาศาสตร์การแพทย์ และสุขภาพ
สถานะ=หนังสือเก่า
WC200 ก514 2553 ฉ.2 
  Barcode: 18591
ห้องสมุดวิทยาเขตนครสวรรค์
►ส่วนจัดเก็บหนังสือเก่า นว.
บนชั้น
  ขอยืม

รายการใกล้เคียง
    ผู้แต่ง [วัชรินทร์ รังษีภาณุรัตน์]

    หัวเรื่อง [การวินิจฉัยโรคทางห้องปฏิบัติการ]

BibComment


ยังไม่เคยถูกคอมเมนท์

คอมเมนท์ทรัพยากรรายการนี้
  คอมเมนท์: การวินิจฉัยโรคติด..


 Copyright 2026. Bcnsprnw @Library